000 00416nam a2200181Ia 4500
001 7454
005 20260306160456.0
008 260306t2017||||xx |||||||||||||| ||spa||
041 _aESP
082 _a339
_bB61 2017
100 _aBlanchard, Olivier
_eAUT
245 0 _aMacroeconomĂ­a
260 _c2017
300 _axxii, 510 páginas :
_c27 cm.
650 _aGEN
654 _aCAN
942 _cLIB
_dJUS
_fJUS
_2ddc
_n
999 _c7454
_d7454